Bydgoszcz Dzielnice - Statystyki

Ogólne statystyki
  • Ten quiz został rozwiązany 174 razy
  • Średni wynik to 12 z 26
Statystyki odpowiedzi
Hint Odpowiedź % Poprawnych
71 850 Fordon
93%
24 540 Bartodzieje
74%
30 513 Wyżyny
73%
16 680 Błonie
68%
32 760 Szwederowo
66%
13 970 Osowa Góra
59%
11 680 Miedzyń
53%
11 430 Wzgórze Wolności
51%
12 297 Bocianowo
50%
4.160 Wilczak
50%
6.622 Bielawy
48%
8 020 Czyżkówko
46%
11 779 Osiedle Leśne
46%
6.090 Jary
43%
1 670 Babia Wieś
42%
231 Myślęcinek
41%
11.290 Okole
41%
9 000 Górzyskowo
39%
620 Smukała
34%
930 Flisy
33%
4.731 Skrzetusko
33%
650 Prądy
25%
39 Czersko Polskie
22%
ok. 9 000 Stary Fordon
22%
240 Biedaszkowo
19%
9 Rynkowo
16%
Nie znaleziono quizów pasujących do podanych kryteriów
Rozkład punktacji
Procent ludzi z każdym wynikiem
Percentyl według liczby udzielonych odpowiedzi
Twoja historia wyników
Nie rozwiązałeś tego quizu